Magíster en derecho de la empresa, año académico 2001
-д хадгалсан:
| Үндсэн зохиолч: | |
|---|---|
| Формат: | Ном |
| Хэл сонгох: | испани |
| Хэвлэсэн: |
Concepción
Universidad del Desarrollo
2001
|
| Цуврал: | Colección de Tesis
|
| Нөхцлүүд: | |
| Шошгууд: |
Шошго нэмэх
Шошго байхгүй, Энэхүү баримтыг шошголох эхний хүн болох!
|
MARC
| LEADER | 00000nam a2200000 a 4500 | ||
|---|---|---|---|
| 001 | UCL4292 | ||
| 003 | CL-VaPUC | ||
| 008 | 040109e20010000CL |||||||||||||||||spa|d | ||
| 082 | 0 | 4 | |a 343 |b DOM |2 21 |
| 100 | |a Domínguez Aguila, Ramón Horacio |e autor |9 620278 | ||
| 245 | 1 | 0 | |a Magíster en derecho de la empresa, año académico 2001 |
| 300 | |a 183 p | ||
| 942 | |c BK | ||
| 945 | |d 20040109 00:00:00 |a cmena | ||
| 260 | |a Concepción |b Universidad del Desarrollo |c 2001 | ||
| 500 | |a Incluye trabajos: | ||
| 500 | |a La subsistencia de obligaciones del trabajador al término de la relación laboral, de Jorge Ogalde Muñoz | ||
| 500 | |a Problemas que plantea la fusión de bienes raíces, de Andrés Kuncar Oneto | ||
| 500 | |a Laresponsabilidad objetiva, su evolución en Chile desde 1988, de Patricio Lagos Narváez | ||
| 500 | |a Aspectos jurídicos del comercio electrónico en Internet, de Humberto Carrasco Blanc | ||
| 650 | 0 | |a Derecho comercial |9 256340 | |
| 650 | 0 | |a Derecho ambiental |9 257835 | |
| 650 | 0 | |a Contratos |9 255153 | |
| 583 | |a last modification |c 20040109 00:00:00 |k Rodrigo Vera | ||
| 490 | 0 | |a Colección de Tesis | |
| 999 | |c 307169 |d 307167 | ||
| 952 | |0 0 |1 0 |4 0 |6 343_000000000000000_DOM_2001 |7 0 |8 A |9 372824 |a BIBDER |b BIBDER |d 2019-11-21 |i 3931706 |o 343 DOM 2001 |p 3931706 |r 2023-01-25 |w 2019-11-21 |y BK |k DER | ||